From Ezra to the last of the Maccabees ; (Record no. 45871)
[ view plain ]
| 000 -LEADER | |
|---|---|
| fixed length control field | 01206cam a2200253 4500 |
| 001 - CONTROL NUMBER | |
| control field | 301805 |
| 005 - DATE AND TIME OF LATEST TRANSACTION | |
| control field | 20190318102423.0 |
| 008 - FIXED-LENGTH DATA ELEMENTS--GENERAL INFORMATION | |
| fixed length control field | 720630s1962 nyua 00000 eng |
| 010 ## - LIBRARY OF CONGRESS CONTROL NUMBER | |
| LC control number | 62018154 |
| 035 ## - SYSTEM CONTROL NUMBER | |
| System control number | (OCoLC)00346289 |
| 040 ## - CATALOGING SOURCE | |
| Original cataloging agency | DLC |
| Transcribing agency | WSU |
| Modifying agency | OCL |
| -- | TXA |
| -- | UtOrBLW |
| 100 1# - MAIN ENTRY--PERSONAL NAME | |
| Personal name | Bickerman, E. J. |
| Fuller form of name | (Elias Joseph), |
| Dates associated with a name | 1897-1981. |
| 245 10 - TITLE STATEMENT | |
| Title | From Ezra to the last of the Maccabees ; |
| Remainder of title | foundations of post-Biblical Judaism. |
| 264 #1 - PRODUCTION, PUBLICATION, DISTRIBUTION, MANUFACTURE STATEMENTS | |
| Place of production, publication, distribution, manufacture | New York : |
| Name of producer, publisher, distributor, manufacturer | <a href="Schocken Books,">Schocken Books,</a> |
| Date of production, publication, distribution, manufacture | c1962. |
| 300 ## - PHYSICAL DESCRIPTION | |
| Extent | 186 pages : |
| Other physical details | illustrations ; |
| Dimensions | 21 cm. |
| 336 ## - CONTENT TYPE | |
| Content Type Term | text |
| Content Type Code | txt |
| Source | rdacontent |
| 337 ## - MEDIA TYPE | |
| Media Type Term | unmediated |
| Media Type Code | n |
| Source | rdamedia |
| 338 ## - CARRIER TYPE | |
| Carrier Type Term | volume |
| Carrier Type Code | nc |
| Source | rdacarrier |
| 490 0# - SERIES STATEMENT | |
| Series statement | Schocken paperbacks, SB36 |
| 500 ## - GENERAL NOTE | |
| General note | "Combines ... [the author's] 'The historical foundations of post-biblical Judaism,' originally published in 1949 in The Jews; their history, culture, and religion, edited by Louis Finkelstein ... and The Maccabees; an account of their history from the beginnings to the fall of the House of the Hasmoneans, originally published [in English translation] in 1947." |
| 650 20 - SUBJECT ADDED ENTRY--TOPICAL TERM | |
| Topical term or geographic name as entry element | Jews |
| General subdivision | History |
| Chronological subdivision | 586 B.C.-70 A.D. |
| 650 #0 - SUBJECT ADDED ENTRY--TOPICAL TERM | |
| Topical term or geographic name as entry element | Judaism |
| General subdivision | History |
| Chronological subdivision | Post-exilic period, 586 B.C.-210 A.D. |
| 942 ## - ADDED ENTRY ELEMENTS (KOHA) | |
| Source of classification or shelving scheme | Library of Congress Classification |
| Item type | Books |
| Withdrawn status | Lost status | Source of classification or shelving scheme | Damaged status | Not for loan | Home library | Current library | Shelving location | Date acquired | Source of acquisition | Inventory number | Total Checkouts | Full call number | Barcode | Date last seen | Price effective from | Koha item type |
|---|---|---|---|---|---|---|---|---|---|---|---|---|---|---|---|---|
| Library of Congress Classification | BSOP Library | BSOP Library | David Weisberg Collection | 03/18/2019 | Donated by Dr. David and Oprah Weisberg | 45793 | DS121.65 B47 1962 | 00056793 | 03/18/2019 | 03/18/2019 | Books |
